000
00443nam a2200181Ia 4500
008
100917s9999 xx 000 0 und d
082
_b
20176
100
_a
साने गुरूजी
245
_a
विश्रांम
260
_b
---
_c
1937
300
_a
117
365
_b
0
520
_a
कथा
630
_a
विश्रांम
650
_a
कथा
730
_a
विश्रांम
942
_c
BOOK
999
_c
625570
_d
625567